00491nam a22001697a 450000500170000001000130001702000310003003500130006103700150007408200080008910000260009724500370012326000380016027000740019830000280027249000210030020090922161541.0 aB-358160 a8183411606c100.00 (app.) aB-358160 bDBAD / PUB a882 aShakespeare, William  aHamlet /cby William Shakespeare aDelhi bRohan Book Company c2004 aG-22, Indraprastha Apptt. Patpar Ganj, Plot No. 114, bDelhi e110092 a224p.bill. c20cm(Hb)  aClassic library